| 000 | 00755nam a2200217Ia 4500 | ||
|---|---|---|---|
| 001 | 13248 | ||
| 003 | GE_BSU | ||
| 008 | 181216s||||||||xx |||||||||||||| ||und|| | ||
| 040 | _cGE_BSU | ||
| 080 | _a631.519 | ||
| 100 | _aЛысенко,Т.Д. | ||
| 245 | _aАгробиология: работы по вопросам генетики селекции и семеноводства | ||
| 260 | _aМосква | ||
| 260 | _bСельхозгиз | ||
| 260 | _c1949 | ||
| 300 | _a683стр.фото.26см. | ||
| 653 | _aАгробиология: работы по вопросам генетики селекции и семеноводства | ||
| 653 | _aაგრობიოლოგია | ||
| 653 | _aგენეტიკა | ||
| 942 | _cBK | ||
| 999 |
_c46412 _d46412 |
||